El extranjero frente al derecho penal el error cultural y su incidencia en la culpabilidad /

Detalles Bibliográficos
Autor principal: Monge Fernǹdez, Antonia
Otros Autores: Roxin, Claus (prol.)
Formato: Desconocido
Lenguaje:español
Publicado: Barcelona : Bosch, 2008
Materias:
Acceso en línea:Acceso restringido

MARC

LEADER 00000ny a22000003n 4500
005 20110615143334.0
008 081114s2008 sp 000 0 spa d
017 |a D.L.B48165-08 
020 |a 9788476988275 
035 |a 3364 
040 |a BUS  |d vLex 
080 |a 343-054.6(460) 
090 |c 726  |d 726 
100 1 |a Monge Fernǹdez, Antonia 
245 1 3 |a El extranjero frente al derecho penal  |h [Recurso electrn̤ico]  |b el error cultural y su incidencia en la culpabilidad /  |c Antonia Monge Fernǹdez ; prl̤ogo de Claus Roxin 
256 |a Servicio en ln̕ea 
260 |a Barcelona :  |b Bosch,  |c 2008 
300 |a 136 p. ;  |c 24 cm 
506 1 |a Contenido solo disponible en los productos indicados  |d vLex Global  |d vLex Global (Academic Edition, excluding Law Schools)  |d vLex Global (U.S. Academic Edition, Law Schools)  |d vLex Global (U.S. Academic Edition, excluding Law Schools)  |d vLex Global (Academic Edition, Law Schools) 
650 0 7 |a Derecho penal  |2 Tesauro vLex 
650 0 7 |a Culpabilidad  |2 Tesauro vLex 
700 1 |a Roxin, Claus,  |e prol. 
740 0 |a vLex Libros (Servicios en ln̕ea) 
856 4 0 |u http://vlex.com/source/3364  |z Acceso restringido 
942 |c BOOK 
999 0 |a Criminal Law  |b Barcelona